Sport jako generátor rozvoje cestovního ruchu

Problematika športu ako východisko pre regionálny rozvoj cestovného ruchu v Českej republike.

Salvato in:
Dettagli Bibliografici
Autore principale: Skoumal, Jiří
Altri autori: Schwartzhoffová, Eva, Hobza, Vladimír
Natura: Capitolo di libro
Lingua:ceco
Soggetti:
Tags: Aggiungi Tag
Nessun Tag, puoi essere il primo ad aggiungerne!!

MARC

LEADER 00000nla a2200000 4500
001 0185325
005 20231121094956.7
041 0 |a cze 
044 |a CZ 
245 1 0 |a Sport jako generátor rozvoje cestovního ruchu  |c Jiří Skoumal, Eva Schwartzhoffová, Vladimír Hobza 
520 |a Problematika športu ako východisko pre regionálny rozvoj cestovného ruchu v Českej republike. 
610 2 0 |a Česko 
610 2 0 |a šport 
610 2 0 |a politika ruchu cestovného 
610 2 0 |a rozvoj regionálny 
610 2 0 |a ruch cestovný 
100 1 |a Skoumal, Jiří 
700 1 |a Schwartzhoffová, Eva 
700 1 |a Hobza, Vladimír